Programm für das schuljahr 1914/15 / Technikum des Kantons Zürich in Winterthur
Descripción Física:
87 p. ; 27 cm
MARC
| LEADER | 00000nam a2200000Ia 4500 | ||
|---|---|---|---|
| 001 | 20066 | ||
| 008 | 160829s1914 xx 000 0 cat d | ||
| 080 | |a 3403, exp. 3 | ||
| 100 | |a Technikum des Kantons Zürich in Winterthur |9 48317 | ||
| 245 | |a Programm für das schuljahr 1914/15 / Technikum des Kantons Zürich in Winterthur | ||
| 260 | |a Winterthur : |b Buchdruckerei Geschwister Ziegler, |c 1914 | ||
| 300 | |a 87 p. ; |c 27 cm | ||
| 650 | |a Technikum des Kantons Zürich in Winterthur |x Currículums |9 48318 | ||
| 901 | |a Arxiu | ||
| 942 | |n 1 | ||
| 952 | |0 0 |1 0 |4 0 |6 3403_EXP_3 |7 1 |9 54465 |a Arxiu |b Arxiu |d 2016-12-01 |l 0 |o 3403, exp. 3 |p 20066 |r 2016-12-01 00:00:00 |w 2016-12-01 |y ARXIU | ||
| 999 | |c 58334 |d 58334 | ||